000 00636nam a2200229Ia 4500
003 OSt
005 20220926035035.0
006 a|||||r|||| 00| 0
007 ta
008 220923b |||||||| |||| 00| 0 eng d
037 _cGeneral Book
040 _aRTL
_cRTL
_beng
041 _2eng
_aeng
082 _aX:746:1:N3, G2
100 _aCoyajee J. C.
_964456
245 0 _aWorld economic depression
_b A plan for co-operatio
260 _c1932
490 _aAndhra University Series, 4.
650 _aRecovery Measure
_9242373
942 _hX:746:1:N3, G2
_cGB
_2CC
999 _c661196
_d661196